Is high fiscal deficit bad for growth? : An empirical evidence from India 1990 - 91 to 2009 - 10 (Record no. 103202)

000 -LEADER
fixed length control field 00440pab a2200157 454500
008 - FIXED-LENGTH DATA ELEMENTS--GENERAL INFORMATION
fixed length control field 180718b2013 xxu||||| |||| 00| 0 eng d
100 ## - MAIN ENTRY--PERSONAL NAME
Personal name Tyagi, Dushyant
245 ## - TITLE STATEMENT
Title Is high fiscal deficit bad for growth? : An empirical evidence from India 1990 - 91 to 2009 - 10
260 ## - PUBLICATION, DISTRIBUTION, ETC.
Date of publication, distribution, etc. 2013
300 ## - PHYSICAL DESCRIPTION
Extent p.491-502
362 ## - DATES OF PUBLICATION AND/OR SEQUENTIAL DESIGNATION
Dates of publication and/or sequential designation Apr
650 ## - SUBJECT ADDED ENTRY--TOPICAL TERM
Topical term or geographic name entry element Deficit financing
773 ## - HOST ITEM ENTRY
Main entry heading Indian Journal of Economics
908 ## - PUT COMMAND PARAMETER (RLIN)
Put command parameter N
909 ## -
-- 103206
Holdings
Withdrawn status Lost status Damaged status Not for loan Permanent Location Current Location Date acquired Serial Enumeration / chronology Barcode Date last seen Price effective from Koha item type
        Indian Institute of Public Administration Indian Institute of Public Administration 2018-07-19 Volume no: 87, Issue no: 371 AR103666 2018-07-19 2018-07-19 Articles

Powered by Koha